000 00283nam a22001337a 4500
008 170208b xxu||||| |||| 00| 0 eng d
020 _a0721621487
041 _aeng
080 _25ED
_a61
100 _a4
101 _aSHM
245 _aMEDICAL DICTIONARY
_cDORLAND
942 _2udc
_cBK
999 _c4948
_d4948